Summer Olympics host cities - Statistics

General Stats
  • This quiz has been taken 29 times
  • The average score is 16 of 22
Answer Stats
Hint Answer % Correct
1984 Los Angeles
96%
2028 Los Angeles
96%
2024 Paris
96%
1948 London
92%
2012 London
92%
1964 Tokyo
92%
2021 Tokyo
92%
2008 Beijing
88%
2016 Rio de Janeiro
88%
1992 Barcelona
84%
2004 Athens
80%
2000 Sydney
80%
1996 Atlanta
68%
1972 Munich
68%
1988 Seoul
68%
1968 Mexico City
64%
1980 Moscow
64%
1960 Rome
64%
1956 Melbourne
48%
1976 Montreal
44%
2032 Brisbane
40%
1952 Helsinki
40%
No matching quizzes found
Score Distribution
Percent of People with Each Score
Percentile by Number Answered
Your Score History
You have not taken this quiz